000 00691nam a2200205Ia 4500
003 GCL
008 140319s9999 xx 000 0 ara d
040 _aGCL /
_cGCL
082 0 4 _a251.17
_bج م
100 1 _aجلال الدين عبدالرحمن ابى بكر
245 1 0 _aالمصالح المرسلة ومكانتها فى التشريع /
_cجلال الدين عبدالرحمن ابى بكر
260 _a[S.N] :
_bمطبعة السعادة ،
_c1983
300 _a142 ص
490 _a
650 0 4 _aالاسلام
650 0 4 _aالفقه الاسلامى
650 0 4 _aاصول الفقه الاسلامى
650 0 4 _aالمصالح المرسلة
942 _2ddc
_cBK
999 _c47343
_d47343